00890nam a2200157Ia 4500008004100000041001200041082001800053100003600071245004000107250001200147260004300159300001200202500001000214650025400224650025400478231221s9999 xx 000 0 und d aEnglish a641 MUD;1 R aMudambi, Sumati Rajagopal , M V 0aFundamentals of foods and nutrition a3rd ed. c1995bNew Age InternationalaNew Delhi axii+303 aE-509 aHotel Management Please supply the following books immediately to the Library. Make separate bill for separate grants. Only the latest editions to be supplied unless otherwise specified. Sl Purch Sl No Title Authors Publisher Grant No of Copies 1 aHotel Management Please supply the following books immediately to the Library. Make separate bill for separate grants. Only the latest editions to be supplied unless otherwise specified. Sl Purch Sl No Title Authors Publisher Grant No of Copies 1